The life and ministry of John Sung / (Record no. 42652)
[ view plain ]
| 000 -LEADER | |
|---|---|
| fixed length control field | 00870cam a2200289 a 4500 |
| 001 - CONTROL NUMBER | |
| control field | 17134738 |
| 005 - DATE AND TIME OF LATEST TRANSACTION | |
| control field | 20180817050650.0 |
| 008 - FIXED-LENGTH DATA ELEMENTS--GENERAL INFORMATION | |
| fixed length control field | 120125s2012 si ab b 001 0beng |
| 010 ## - LIBRARY OF CONGRESS CONTROL NUMBER | |
| LC control number | 2012330008 |
| 020 ## - INTERNATIONAL STANDARD BOOK NUMBER | |
| International Standard Book Number | 9789814305570 |
| 020 ## - INTERNATIONAL STANDARD BOOK NUMBER | |
| International Standard Book Number | 981430557X |
| 040 ## - CATALOGING SOURCE | |
| Original cataloging agency | DLC |
| Transcribing agency | DLC |
| Modifying agency | DLC |
| 042 ## - AUTHENTICATION CODE | |
| Authentication code | lcode |
| -- | pcc |
| 043 ## - GEOGRAPHIC AREA CODE | |
| Geographic area code | a-cc--- |
| 100 1# - MAIN ENTRY--PERSONAL NAME | |
| Personal name | Lim, Ka-Tong. |
| 245 14 - TITLE STATEMENT | |
| Title | The life and ministry of John Sung / |
| Statement of responsibility, etc | Lim Ka-Tong. |
| 260 ## - PUBLICATION, DISTRIBUTION, ETC. (IMPRINT) | |
| Place of publication, distribution, etc | Singapore : |
| Name of publisher, distributor, etc | Genesis Books, |
| Date of publication, distribution, etc | 2012. |
| 300 ## - PHYSICAL DESCRIPTION | |
| Extent | xix, 328 p. : |
| Other physical details | ill., maps ; |
| Dimensions | 23 cm. |
| 336 ## - CONTENT TYPE | |
| Content Type Term | text |
| 337 ## - MEDIA TYPE | |
| Media Type Term | unmediated |
| 338 ## - CARRIER TYPE | |
| Carrier Type Term | volume |
| 504 ## - BIBLIOGRAPHY, ETC. NOTE | |
| Bibliography, etc | Includes bibliographical references and index. |
| 600 10 - SUBJECT ADDED ENTRY--PERSONAL NAME | |
| Personal name | Song, Shangjie, |
| Dates associated with a name | 1901-1944. |
| 650 #0 - SUBJECT ADDED ENTRY--TOPICAL TERM | |
| Topical term or geographic name as entry element | Evangelists |
| Geographic subdivision | China |
| Form subdivision | Biography. |
| 856 41 - ELECTRONIC LOCATION AND ACCESS | |
| Materials specified | Table of contents only |
| Uniform Resource Identifier | <a href="http://www.loc.gov/catdir/toc/fy13pdf06/2012330008.html">http://www.loc.gov/catdir/toc/fy13pdf06/2012330008.html</a> |
| 942 ## - ADDED ENTRY ELEMENTS (KOHA) | |
| Source of classification or shelving scheme | Library of Congress Classification |
| Item type | Books |
| Withdrawn status | Lost status | Source of classification or shelving scheme | Damaged status | Not for loan | Home library | Current library | Shelving location | Date acquired | Source of acquisition | Inventory number | Total Checkouts | Full call number | Barcode | Date last seen | Price effective from | Koha item type | Copy number |
|---|---|---|---|---|---|---|---|---|---|---|---|---|---|---|---|---|---|
| Library of Congress Classification | BSOP Library | BSOP Library | GC | 08/17/2018 | CEF | 41800 | BV3785.Su7 L62 2012 | 00052800 | 08/17/2018 | 08/17/2018 | Books | ||||||
| Library of Congress Classification | BSOP Library | BSOP Library | GC | 04/22/2024 | 48208 | BV3785.Su7 L62 2012 | 00058344 | 04/22/2024 | 04/22/2024 | Books | c.2 |
